Insider's guide to software development (Record no. 9759)
[ view plain ]
| 000 -LEADER | |
|---|---|
| fixed length control field | 00490nam a2200181Ia 4500 |
| 001 - CONTROL NUMBER | |
| control field | 8420 |
| 008 - FIXED-LENGTH DATA ELEMENTS--GENERAL INFORMATION | |
| fixed length control field | 140324s9999 xx 000 0 und d |
| 020 ## - INTERNATIONAL STANDARD BOOK NUMBER | |
| International Standard Book Number | 1-56529-864-0 |
| 040 ## - CATALOGING SOURCE | |
| Transcribing agency | PK-LaUMT |
| 082 ## - DEWEY DECIMAL CLASSIFICATION NUMBER | |
| Classification number | 005.3 |
| Item number | PER-I |
| 100 ## - MAIN ENTRY--PERSONAL NAME | |
| Personal name | Ermel, Keith, J.A.; (Shields, James), J.A. |
| 245 ## - TITLE STATEMENT | |
| Title | Insider's guide to software development |
| Statement of responsibility, etc | Ermel, Keith, J.A.; (Shields, James), J.A.<>Perry, Paul |
| 260 ## - PUBLICATION, DISTRIBUTION, ETC. (IMPRINT) | |
| Date of publication, distribution, etc | 1994 |
| 300 ## - PHYSICAL DESCRIPTION | |
| Extent | 240 p. |
| 546 ## - LANGUAGE NOTE | |
| Language note | EN |
| 700 ## - ADDED ENTRY--PERSONAL NAME | |
| Personal name | Perry, Paul |
| 942 ## - ADDED ENTRY ELEMENTS (KOHA) | |
| Koha item type | Books |
| Withdrawn status | Lost status | Damaged status | Not for loan | Home library | Current library | Date acquired | Total Checkouts | Full call number | Barcode | Date last seen | Date checked out | Price effective from | Koha item type |
|---|---|---|---|---|---|---|---|---|---|---|---|---|---|
| UMT Main Campus | UMT Main Campus | 2014-03-24 | 3 | 005.3 PER-I | 9983 | 2017-03-27 | 2017-03-14 | 2014-03-24 | Books |
